| 000 | 00000nam 2200000za 4500 |
| 001 | 9.822534 |
| 003 | CaOODSP |
| 005 | 20221107143711 |
| 007 | cr ||||||||||| |
| 008 | 160812s2006 qucabo o f000 0 eng d |
| 020 | |z0-662-44363-2 |
| 040 | |aCaOODSP|beng |
| 043 | |an-cn--- |
| 086 | 1 |aR64-105/57-2006E-PDF|zR64-105/57-2006E |
| 110 | 2 |aParks Canada. |
| 245 | 10|aFort George, Butler's Barracks, Fort Mississauga, Navy Island, Queenston Heights, Mississauga Point Lighthouse and Battlefield of Fort George National Historic Sites of Canada |h[electronic resource] : |bmanagement plan. |
| 260 | |a[Gatineau, QC] : |bParks Canada, |cc2006. |
| 300 | |aiii, 45 p. : |bill., maps |
| 500 | |aIssued also in French under title: Les lieux historiques nationaux du Canada du Fort-George, des Casernes-de-Butler, du Fort-Mississauga, de l'Île-Navy, des Hauteurs-de-Queenston, du Phare-de-la-Pointe-Mississauga et du Champ-de-Bataille-du-Fort-George : plan directeur. |
| 500 | |a"February, 2007.” |
| 530 | |aIssued also in printed form. |
| 692 | 07|2gccst|aHistoric sites |
| 692 | 07|2gccst|aManagement |
| 692 | 07|2gccst|aPlanning |
| 775 | 08|tLes lieux historiques nationaux du Canada du Fort-George, des Casernes-de-Butler, du Fort-Mississauga, de l'Île-Navy, des Hauteurs-de-Queenston, du Phare-de-la-Pointe-Mississauga et du Champ-de-Bataille-du-Fort-George |w(CaOODSP)9.822537 |
| 856 | 40|qPDF|s9.26 MB|uhttps://publications.gc.ca/collections/collection_2016/pc/R64-105-57-2006-eng.pdf |